| Tag |
First Indicator |
Second Indicator |
Subfields |
| LEADER |
00000cam a2200000 a 4500 |
| 001 |
in00000092748 |
| 005 |
20150923173220.0 |
| 007 |
he bm| ba|| |
| 008 |
810625r1841 kyubch b 00010 eng d |
| 035 |
|
|
|a (OCoLC)07530640
|
| 035 |
|
|
|9 AAK7751AM
|
| 040 |
|
|
|a MIA
|c MIA
|d TXA
|d UtOrBLW
|
| 043 |
|
|
|a n-us-cn
|
| 049 |
|
|
|a TXAI
|
| 099 |
|
|
|a fiche
|a C
|a 3852
|
| 100 |
1 |
|
|a M'Donald, Alexander.
|
| 245 |
1 |
2 |
|a A narrative of some passages in the history of Eenoolovapik :
|b a young Esquimaux, who was brought to Britain in 1839, in the ship "Neptune" of Aberdeen : an account of the discovery of Hogarth's Sound : remarks on the northern whale fishery, and suggestions for its improvement, &c., &c. / by Alexander M'Donald.
|
| 264 |
|
1 |
|a Edinburgh :
|b Fraser,
|c 1841.
|
| 300 |
|
|
|a iii, 149 pages :
|b illustrations, portrait, folded map, folded facsimiles ;
|c 20 cm.
|
| 336 |
|
|
|a text
|b txt
|2 rdacontent
|
| 337 |
|
|
|a microform
|b h
|2 rdamedia
|
| 338 |
|
|
|a microfiche
|b he
|2 rdacarrier
|
| 500 |
|
|
|a "Sabin : 43142."
|
| 500 |
|
|
|a "Copied from the original in the Library of Congress."
|
| 533 |
|
|
|a Microfiche.
|b Louisville, [Ky.] :
|c Lost Cause Press,
|d 1978.
|e 3 microfiches : negative, ill., port., map, facsim. ; 11 x 15 cm.
|f ([Bibliotheca Americana. Selected Americana. Microfiche ed. / J. Sabin]) (Fiche book)
|
| 500 |
|
|
|a Microform.
|
| 600 |
1 |
0 |
|a Eenoolovapik.
|
| 650 |
|
0 |
|a Eskimos.
|
| 651 |
|
0 |
|a Hogarth's Sound (Canada)
|
| 651 |
|
0 |
|a Davis Strait (Canada and Greenland)
|
| 999 |
|
|
|a MARS
|
| 999 |
f |
f |
|s 8c07fb74-7d7f-3651-ba71-2b5bdf6508a4
|i ec5de9e4-2cc7-3dde-81a5-7c6ad9de6451
|t 0
|
| 952 |
f |
f |
|p normal
|a Texas A&M University
|b College Station
|c Sterling C. Evans Library
|d Evans: Microforms (3rd floor)
|t 0
|e fiche C 3852
|h Other scheme
|i microform -- microfiche
|m A14821396887
|
| 998 |
f |
f |
|a fiche C 3852
|t 0
|l Evans: Microforms (3rd floor)
|